000 00260nam a22001097a 4500
008 260422b |||||||| |||| 00| 0 eng d
100 _aNarayanachar, K S
245 _aRamakathavalar
260 _aHubli
_bSahitya Prakashana
_c2015
300 _a224p
942 _2ddc
999 _c1245
_d1245